Diccionario de Arqueología, Antropología, Historia y Ciencias Sociales / (Record no. 22750)

000 -CABECERA
fixed length control field 00922nam a22002657i 4500
003 - IDENTIFICADOR DEL NÚMERO DE CONTROL
control field AR-CdUCM
008 - DATOS DE LONGITUD FIJA--INFORMACIÓN GENERAL
fixed length control field 231214b20222022pe |o||| |||| 00| 0 spa d
020 ## - NÚMERO INTERNACIONAL ESTÁNDAR DEL LIBRO
ISBN 978-612-4392-54-2
040 ## - FUENTE DE LA CATALOGACIÓN
Agencia/entidad que catalogó originalmente la obra MUNICIPALIDAD PROVINCIAL DEL CUSCO
Entidad que transcribió la catalogación BIBLIOTECA MUNICIPAL DEL CUSCO
082 ## - NÚMERO DE LA CLASIFICACIÓN DECIMAL DEWEY
No. de Clasificación E300.3 /
Notacion interna A52 / VII
100 ## - ENTRADA PRINCIPAL--NOMBRE DE PERSONA
Nombre Personal Amat Olazábal, Manuel Hernán
245 ## - MENCIÓN DE TÍTULO
Título Diccionario de Arqueología, Antropología, Historia y Ciencias Sociales /
260 ## - PUBLICACIÓN, DISTRIBUCIÓN, ETC.
Lugar de publicación, distribución, etc. Cusco :
Nombre de la editorial, distribuidor, etc. Universidad Andina del Cusco,
Fecha de publicación, distribución, etc. 2022.
300 ## - DESCRIPCIÓN FÍSICA
Nº de Páginas Extensión 1108 páginas. :
Dimensiones 30 cm.
500 ## - NOTA GENERAL
Bibliografía Bibliografía: páginas 1579-1622
505 ## - NOTA DE CONTENIDO CON FORMATO
Nota de contenido formateada Arqueología -- Antropología -- Historia -- Ciencias Sociales
650 ## - PUNTO DE ACCESO ADICIONAL DE MATERIA--TÉRMINO DE MATERIA
Descriptor Ciencias Sociales,
9 (RLIN) 1096
650 ## - PUNTO DE ACCESO ADICIONAL DE MATERIA--TÉRMINO DE MATERIA
Descriptor Historia,
9 (RLIN) 49248
650 ## - PUNTO DE ACCESO ADICIONAL DE MATERIA--TÉRMINO DE MATERIA
Descriptor Antropología,
9 (RLIN) 878
650 ## - PUNTO DE ACCESO ADICIONAL DE MATERIA--TÉRMINO DE MATERIA
Descriptor Arqueología,
9 (RLIN) 371
856 ## - LOCALIZACIÓN Y ACCESO ELECTRÓNICOS
Dirección electrónica www.uandina.edu.pe
942 ## - ELEMENTOS DE PUNTO DE ACCESO ADICIONAL (KOHA)
Fuente de clasificación
Tipo de item Libros-BMC
945 ## - PROCESAMIENTO DE INFORMACIÓN LOCAL (OCLC)
Catalogador pebm
AAAA-MM-DD - Fecha de ingreso o modificacion 14-12-2023

No items available.

Powered by Koha